|
|
|
|
| LEADER |
01590nam a2200457 a 4500 |
| 001 |
EBC624597 |
| 003 |
MiAaPQ |
| 005 |
20200520144314.0 |
| 006 |
m o d | |
| 007 |
cr cn||||||||| |
| 008 |
100510s2011 njua s 001 0 eng d |
| 010 |
|
|
|z 2010018597
|
| 020 |
|
|
|z 9780470581582 (pbk.)
|
| 020 |
|
|
|a 9780470915325 (electronic bk.)
|
| 020 |
|
|
|a 9780470915332 (electronic bk.)
|
| 020 |
|
|
|a 9780470915318 (electronic bk.)
|
| 035 |
|
|
|a (MiAaPQ)EBC624597
|
| 035 |
|
|
|a (Au-PeEL)EBL624597
|
| 035 |
|
|
|a (CaPaEBR)ebr10469702
|
| 035 |
|
|
|a (CaONFJC)MIL285987
|
| 035 |
|
|
|a (OCoLC)676697159
|
| 040 |
|
|
|a MiAaPQ
|c MiAaPQ
|d MiAaPQ
|
| 043 |
|
|
|a n-us---
|
| 050 |
|
4 |
|a HV41.9.U5
|b R67 2011
|
| 082 |
0 |
4 |
|a 658.15/224
|2 22
|
| 100 |
1 |
|
|a Rosen, Michael J.
|
| 245 |
1 |
0 |
|a Donor-centered planned gift marketing
|h [electronic resource] /
|c Michael J. Rosen.
|
| 260 |
|
|
|a Hoboken, N.J. :
|b Wiley,
|c 2011.
|
| 300 |
|
|
|a xxx, 347 p. :
|b ill.
|
| 490 |
1 |
|
|a AFP fund development series
|
| 490 |
1 |
|
|a Nonprofit essentials
|
| 500 |
|
|
|a Includes index.
|
| 533 |
|
|
|a Electronic reproduction. Ann Arbor, MI : ProQuest, 2015. Available via World Wide Web. Access may be limited to ProQuest affiliated libraries.
|
| 650 |
|
0 |
|a Deferred giving
|z United States.
|
| 650 |
|
0 |
|a Deferred giving.
|
| 650 |
|
0 |
|a Fund raising.
|
| 655 |
|
4 |
|a Electronic books.
|
| 710 |
2 |
|
|a ProQuest (Firm)
|
| 830 |
|
0 |
|a Nonprofit essentials (John Wiley & Sons)
|
| 830 |
|
0 |
|a AFP fund development series.
|
| 856 |
4 |
0 |
|u https://ebookcentral.proquest.com/lib/matrademy/detail.action?docID=624597
|z Click to View
|